The dissent of Nazrul Islam: (Record no. 27622)
[ view plain ]
| 000 -LEADER | |
|---|---|
| fixed length control field | 02320naa a2200349 4500 |
| 005 - DATE AND TIME OF LATEST TRANSACTION | |
| control field | 2009061906226.0 |
| 008 - FIXED-LENGTH DATA ELEMENTS--GENERAL INFORMATION | |
| fixed length control field | 090619t xxu||||| |||| 00| 0 eng d |
| 010 ## - LCCN (DPL NO) | |
| LC control number | ENG-94109 |
| 020 ## - INTERNATIONAL STANDARD BOOK NUMBER | |
| International Standard Book Number | 9780198063247 |
| Terms of availability | 395.00 |
| 020 ## - INTERNATIONAL STANDARD BOOK NUMBER | |
| International Standard Book Number | 0198063245 |
| Terms of availability | 395.00 |
| 035 ## - SYSTEM CONTROL NUMBER | |
| System control number | EN-77642 |
| 035 ## - SYSTEM CONTROL NUMBER | |
| System control number | B-361788-792 |
| 037 ## - SOURCE OF ACQUISITION | |
| Source of stock number/acquisition | DBAD / PUB |
| 037 ## - SOURCE OF ACQUISITION | |
| Source of stock number/acquisition | Uppal Book Store |
| 040 ## - CATALOGING SOURCE | |
| Original cataloging agency | dpl |
| Language of cataloging | English |
| 082 ## - DEWEY DECIMAL CLASSIFICATION NUMBER | |
| Classification number | 863.16 |
| 100 ## - MAIN ENTRY--PERSONAL NAME | |
| Personal name | Mitra, Priti Kumar |
| 245 ## - TITLE STATEMENT | |
| Title | The dissent of Nazrul Islam: |
| Statement of responsibility, etc | by Priti Kumar Mitra |
| Remainder of title | poetry and history / |
| 260 ## - PUBLICATION, DISTRIBUTION, ETC. (IMPRINT) | |
| Place of publication, distribution, etc | New Delhi |
| Name of publisher, distributor, etc | Oxford University Press |
| Date of publication, distribution, etc | 2009 |
| 270 ## - ADDRESS | |
| Address | YMCA Library Building, Jai Singh Road |
| City | New Delhi |
| Postal code | 110 001 |
| 300 ## - PHYSICAL DESCRIPTION | |
| Extent | xxiii, 330p.: |
| Dimensions | 22cm(Hb ) |
| Other physical details | b&w photos |
| 500 ## - GENERAL NOTE | |
| General note | Includes glossary and bibliographical references |
| 600 ## - SUBJECT ADDED ENTRY--PERSONAL NAME | |
| Personal name | Nazrul Islam, Kazi,1899-1977 |
| General subdivision | Criticism and interpretation |
| 942 ## - ADDED ENTRY ELEMENTS (KOHA) | |
| Institution code [OBSOLETE] | dpl |
| Item type | English Books |
| Source of classification or shelving scheme | Dewey Decimal Classification |
| Classification part | 863.16 |
| Call number suffix | MIT |
| Withdrawn status | Lost status | Source of classification or shelving scheme | Damaged status | Not for loan | Collection code | Home library | Current library | Date acquired | Source of acquisition | Cost, normal purchase price | Total Checkouts | Full call number | Barcode | Date last seen | Copy number | Cost, replacement price | Koha item type | Total Renewals |
|---|---|---|---|---|---|---|---|---|---|---|---|---|---|---|---|---|---|---|
| Dewey Decimal Classification | Non-fiction | Central Library | Central Library | 26/03/2010 | Uppal Book Store/UBS9017/30.10.09/128/16.10.09/30.10.09 . | 395.00 | 863.16 MIT | B-361788 | 26/03/2010 | 1 | 395.00 | English Books | ||||||
| Dewey Decimal Classification | Not For Loan | Non-fiction | D.B.Act.Division | D.B.Act.Division | 19/06/2009 | DBAD / PUB | 395.00 | 863.17 MIT | EN-77642 | 19/06/2009 | 1 | 395.00 | English Books | |||||
| Dewey Decimal Classification | Non-fiction | Karol Bagh | Karol Bagh | 26/03/2010 | Uppal Book Store/UBS9017/30.10.09/128/16.10.09/30.10.09 . | 395.00 | 863.16 MIT | B-361791 | 26/03/2010 | 1 | 395.00 | English Books | ||||||
| Dewey Decimal Classification | Non-fiction | Patel Nagar | Patel Nagar | 26/03/2010 | Uppal Book Store/UBS9017/30.10.09/128/16.10.09/30.10.09 . | 395.00 | 1 | 863.16 MIT | B-361789 | 02/03/2020 | 1 | 395.00 | English Books | 1 | ||||
| Dewey Decimal Classification | Non-fiction | Shahdara Branch | Shahdara Branch | 26/03/2010 | Uppal Book Store/UBS9017/30.10.09/128/16.10.09/30.10.09 . | 395.00 | 863.16 MIT | B-361792 | 26/03/2010 | 1 | 395.00 | English Books | ||||||
| Dewey Decimal Classification | Non-fiction | Vinoba Puri | Vinoba Puri | 26/03/2010 | Uppal Book Store/UBS9017/30.10.09/128/16.10.09/30.10.09 . | 395.00 | 1 | 863.16 MIT | B-361790 | 14/01/2017 | 1 | 395.00 | English Books | 1 |
